| 000 | 00860nam a22002897a 4500 | ||
|---|---|---|---|
| 001 | 5166 | ||
| 003 | FISKH | ||
| 005 | 20250120081242.0 | ||
| 008 | 241108b cb ||||| |||| 00| 0 eng d | ||
| 020 | _a0590411098 | ||
| 040 |
_aFISKH _beng _cFISKH _dFISKH |
||
| 050 | _aPZ7.H96165 | ||
| 082 | _a823.914 | ||
| 100 |
_aHutchins, Pat _d(1942–2017) |
||
| 245 |
_aThe doorbell rang / _cby Pat Hutchins |
||
| 250 | _aFirst printing in 1987 | ||
| 260 |
_aNew York : _bScholastic, _c1987. |
||
| 300 |
_a22 pages : _bColor illustrations ; _c20 cm |
||
| 505 | _aG | ||
| 520 | _aEach time the doorbell rings, there are more people who have come to share Ma's wonderful cookies. | ||
| 521 | 8 |
_a341
_bLexile estimate |
|
| 521 | 8 |
_aG
_bRaz-Plus |
|
| 650 |
_2Fiction _aFriends |
||
| 651 |
_2Sharing _aFriendship |
||
| 942 |
_2ddc _cBK _n0 |
||
| 999 |
_c5166 _d5166 |
||